00816pam a2200253 a 450000100040000000500170000402000150002102000150003604000230005105000230007408200140009710000210011124500740013226000350020630000380024149000210027950000290030050500070032952001110033652100170044752100180046465000350048270000450051765220231103115125.0 a0679890548 a0679990542 aDLCcDLCdDLCbeng00aPZ7.R8139bEm 199800a[Fic]2211 aRoy, Ron,d1940-14aThe empty envelope /cby Ron Roy ; illustrated by John Steven Gurney. aNew York :bScholastic.c1998. a78 pages :billustrator ;c19 cm.1 aA to Z mysteries a"A Stepping Stone book." aK  aDink and his friends unearth the mysterious truth behind the envelopes incorrectly delivered to his house.1 a610 bLexile1 aK bRaz-Plus 1aMystery and detective stories.1 aGurney, John Steven,d1962-eillustrator